Statistics for Countries named after a person

Click here to take the quiz!

General Stats

  • This quiz has been taken 113 times
    (53 since last reset)
  • The average score is 9 of 25

Answer Stats

HintAnswer% Correct
South American revolutionary (1783-1830)Bolivia
83%
The third of the Old Testament PatriachsIsrael
62%
Jesus Christ (ca. 1-33)El Salvador
60%
Early Christian martyr (d. 304), patron saint of PortugalSaint Vincent and the Grenadines
57%
Genoese merchant and navigator (ca. 1450-1506)Colombia
55%
Early Christian saint (ca. 275-303) known as the Dragon-slayerGeorgia
52%
Early Christian martyr (283-304), patron saint of the bllindSaint Lucia
50%
4th-century monk and later Bishop of RiminiSan Marino
48%
King of Spain and Portugal (1527-98)Philippines
45%
Jesus Christ (ca. 1-33)Dominica
43%
Royal family ruling the country since its creation in 1932Saudi Arabia
40%
Biblical king of Israel famous for his cunning and wisdomSolomon Islands
38%
Patron saint of the European discoverer of the country & Our Lady of the SnowsSaint Kitts and Nevis
31%
Christian saint (1170-1221), patron of astronomers and founder of a monastic order which bears his nameDominican Republic
29%
18th-century captain of a British ship carrying convicts to the Southern seasMarshall Islands
26%
One of the twelve Apostles & King of Portugal (1455-95)São Tomé and Príncipe
26%
Aristocratic family for whom the country was created in 1719Liechtenstein
21%
Ruler of the United Provinces of the Netherlands (1567-1625)Mauritius
19%
Early 16th-century local rulerPeru
19%
Persian satrap governing the region in 4th centruy BCAzerbaijan
17%
God (as defined by Christian theology)Trinidad and Tobago
17%
Local sultan at the time of the first European contactMozambique
14%
18th-century captain of a British ship carrying convicts to the Southern seasKiribati
12%
First king of the country (reigned 1840-1868)Swaziland
12%
French courtier and politician (1690-1761)Seychelles
10%

Score Distribution

Percentile by Number Answered

Percent of People with Each Score

Your Score History

You have not taken this quiz since the last reset